00457nam a2200169Ia 4500003000400000005001700004008004100021020002900062040001700091082002000108100002100128245005200149260003500201300001100236650002200247650001800269IIN20240201131303.0231217s9999 xx 000 0 und d cRs.295.00a9788181914569 aIINbEnglish a610.727 bBEH1 aBehera, Abhiram  2aPractical Use of BiostatisticscAbhiram Behera  bParas MedicalaHyderabadc2016 a350 p.1 aResearchvNursing1 aBiostatistics